000 00486nam a22001697a 4500
003 OSt
005 20220512104833.0
008 220512b |||||||| |||| 00| 0 eng d
020 _a: 0416293204
040 _cHU
082 _a595.7055
100 _aClark, L. R.; Clark, L. R.
_936839
245 _aThe Ecology of insect populations in theory and practice
260 _aLondon :
_b Methuen,
_c1967.
300 _axiii, 232 pages :
_b tables, diagrams ;
_c 21 cm
942 _2ddc
_cBOOKS
_n0
999 _c35422
_d35422